Ne faites plus de fautes d´ortographe d´ usage

Uloženo v:
Podrobná bibliografie
Hlavní autor: Guillot, Henry
Médium: Kniha
Jazyk:Undetermined
Vydáno: París, Francia Foucher 1965
Témata:
Tagy: Přidat tag
Žádné tagy, Buďte první, kdo vytvoří štítek k tomuto záznamu!

MARC

LEADER 00000nam a2200000Ia 4500
008 170316s9999 xx 000 0 und d
090 |a 415-F G-11ne 
100 |a Guillot, Henry 
245 |a Ne faites plus de fautes d´ortographe d´ usage 
260 |a París, Francia 
260 |b Foucher 
260 |c 1965 
300 |a 47 páginas 
650 |a GRAMÁTICA FRANCESA 
999 |c 19183  |d 19183 
040 |a cru BVZT 
942 |c 15 D  |h 415-F G-11ne  |2 z